000 005080000a22001810004500
020 _a0-92754-510-1
041 0 _aENG
082 0 4 _aG 266.0068 B2617f
100 1 _aBarnett, Betty (Jean) (1953-)
245 1 0 _aFriend raising : Building a missionary support team that lasts / Betty Barnett
260 _aSeattle, Washington., : YWAM
300 _a178 Pag
001 7412
942 _cBK
999 _c37627
_d37627
336 _atexto
_btxt
_2rdacontent
337 _2rdamedia
_asin mediación
_bn
338 _2rdacarrier
_avolumen
_bnc